000 01047nam a22002897a 4500
001 12163017
005 20231212083124.0
008 231212b |||||||| |||| 00| 0 eng d
010 _a 00046625
020 _a0256136874 (alk. paper)
040 _aDLC
_cKMU
_dKMU
_erda
050 0 0 _aHF 5415.7
100 1 _aStock, James R.
245 1 0 _aStrategic logistics management /
_cJames R. Stock, Douglas M. Lambert.
250 _a4th ed.
260 _aBoston :
_bMcGraw-Hill/Irwin,
_cc2001.
300 _axxix, 872 p. :
_bill. ;
_c27 cm.
440 4 _aThe McGraw-Hill/Irwin series in marketing
504 _aIncludes bibliographical references and indexes.
650 0 _aBusiness logistics.
650 0 _aPhysical distribution of goods
_xManagement.
700 1 _aLambert, Douglas M.
856 4 2 _3Publisher description
_uhttp://www.loc.gov/catdir/description/mh021/00046625.html
856 4 1 _3Table of contents
_uhttp://www.loc.gov/catdir/toc/mh021/00046625.html
906 _a7
_bcbc
_corignew
_d1
_eocip
_f20
_gy-gencatlg
942 _2lcc
_cBK
_n0
999 _c874
_d874